[Event "Rated Blitz game"]
[Site "?"]
[Date "2021.06.07"]
[Round "?"]
[White "Kasteajedrez"]
[Black "Keres_Fan"]
[Result "1-0"]
[WhiteElo "2380"]
[BlackElo "2436"]
[PlyCount "45"]
[EventDate "2021.??.??"]
[EventType "blitz"]

1. e4 e5 2. Nf3 Nc6 3. c3 Nf6 4. Bb5 Nxe4 5. O-O Be7 6. d4 exd4 7. Re1 Nd6 8.
Ba4 O-O 9. Bf4 Nf5 10. cxd4 d6 11. d5 Nb8 12. Nc3 Nd7 13. Bc2 Nf6 14. Qd3 g6
15. Re2 Bd7 16. Rae1 Re8 17. g4 Nxg4 18. Ne4 Nh4 19. Nfg5 Bf5 20. Qg3 h6 21.
Qxh4 Bxg5 22. Bxg5 hxg5 23. Nxg5 {Time forfeit} 1-0

[Event "Rated Blitz game"]
[Site "?"]
[Date "2021.06.07"]
[Round "?"]
[White "Medion72"]
[Black "mnig"]
[Result "1-0"]
[WhiteElo "2403"]
[BlackElo "2324"]
[PlyCount "93"]
[EventDate "2021.??.??"]
[EventType "blitz"]

1. e4 e5 2. Nf3 Nc6 3. c3 Nf6 4. d4 exd4 5. e5 Nd5 6. Qb3 Nb6 7. cxd4 d5 8. Bb5
Be7 9. O-O O-O 10. Bxc6 bxc6 11. Be3 Nc4 12. Nbd2 Bg4 13. Nxc4 dxc4 14. Qxc4
Bxf3 15. gxf3 Rb8 16. b3 Qd7 17. Kh1 Ba3 18. Rg1 Kh8 19. Rg4 f5 20. Rg5 f4 21.
Bc1 Rb4 22. Bxa3 Rxc4 23. Bxf8 Rxd4 24. Bxg7+ Qxg7 25. Rxg7 Kxg7 26. Rc1 Rd2
27. Kg2 Rxa2 28. Rxc6 Rb2 29. Rxc7+ Kg6 30. e6 Rxb3 31. e7 Kf7 32. Rxa7 h6 33.
Ra4 Kxe7 34. Rxf4 Rb8 35. h4 Rg8+ 36. Rg4 Rh8 37. h5 Ke6 38. Rg6+ Kf5 39. Kg3
Rh7 40. f4 Rh8 41. f3 Rh7 42. Rg8 Kf6 43. Kg4 Kf7 44. Rg6 Rh8 45. f5 Rh7 46. f6
Rh8 47. Kf5 {Time forfeit} 1-0

[Event "Rated Blitz game"]
[Site "?"]
[Date "2021.06.07"]
[Round "?"]
[White "Mulika13"]
[Black "DARGAS88"]
[Result "1-0"]
[WhiteElo "2534"]
[BlackElo "2386"]
[PlyCount "31"]
[EventDate "2021.??.??"]
[EventType "blitz"]

1. e4 e5 2. Nf3 Nc6 3. c3 Nf6 4. d4 d6 5. Bb5 exd4 6. cxd4 Bd7 7. d5 Ne5 8.
Bxd7+ Nexd7 9. O-O g6 10. Nc3 Bg7 11. Qb3 Nc5 12. Qc4 Nfd7 13. Bg5 Qc8 14. b4
Bxc3 15. Qxc3 Nxe4 16. Qxh8+ {Normal} 1-0

[Event "Rated Blitz game"]
[Site "?"]
[Date "2021.06.07"]
[Round "?"]
[White "Andrei196"]
[Black "BTR-07"]
[Result "0-1"]
[WhiteElo "2355"]
[BlackElo "2506"]
[PlyCount "94"]
[EventDate "2021.??.??"]
[EventType "blitz"]

1. e4 e5 2. Nf3 Nc6 3. c3 f5 4. d4 fxe4 5. Nxe5 Nf6 6. Bg5 d5 7. Bb5 Bd7 8.
Nxd7 Qxd7 9. Bxf6 gxf6 10. Qh5+ Qf7 11. Bxc6+ bxc6 12. Qxf7+ Kxf7 13. Nd2 a5
14. Ke2 Rb8 15. Rhb1 f5 16. g3 h5 17. Nf1 h4 18. Ne3 Ke6 19. Ng2 hxg3 20. hxg3
Bd6 21. b3 c5 22. Rh1 cxd4 23. cxd4 a4 24. Rxh8 Rxh8 25. bxa4 Ra8 26. Nf4+ Bxf4
27. gxf4 Rxa4 28. Rc1 Rxa2+ 29. Ke3 Ra3+ 30. Ke2 Kd6 31. Rh1 Rf3 32. Rh6+ Kd7
33. Rh7+ Kc6 34. Rh6+ Kb5 35. Rh7 c6 36. Rb7+ Kc4 37. Rc7 Kxd4 38. Rxc6 Rxf4
39. Ra6 Rf3 40. Ra4+ Ke5 41. Ra5 Rb3 42. Ra4 f4 43. Ke1 Rb1+ 44. Ke2 Rb2+ 45.
Ke1 f3 46. Ra5 Rb1+ 47. Kd2 Rf1 {Normal} 0-1

[Event "Rated Blitz game"]
[Site "?"]
[Date "2021.06.07"]
[Round "?"]
[White "magos33"]
[Black "Phutressniak"]
[Result "1-0"]
[WhiteElo "2389"]
[BlackElo "2446"]
[PlyCount "83"]
[EventDate "2021.??.??"]
[EventType "blitz"]

1. e4 e5 2. Nf3 Nc6 3. c3 Nf6 4. d4 d6 5. dxe5 Nxe5 6. Nxe5 dxe5 7. Qxd8+ Kxd8
8. f3 Bc5 9. Nd2 Be6 10. Bc4 Ke7 11. Bxe6 Kxe6 12. Nc4 Nd7 13. Be3 Rhd8 14. Ke2
Bxe3 15. Nxe3 Nc5 16. Rhd1 c6 17. b3 a5 18. Rxd8 Rxd8 19. Rd1 Rxd1 20. Nxd1 g6
21. Ke3 f5 22. Nb2 b5 23. g3 Kd6 24. Nd3 Ne6 25. f4 exf4+ 26. gxf4 fxe4 27.
Kxe4 Nc5+ 28. Nxc5 Kxc5 29. h4 a4 30. Ke5 a3 31. h5 b4 32. c4 Kb6 33. Kd6 gxh5
34. f5 h4 35. f6 h3 36. f7 h2 37. f8=Q h1=Q 38. Qb8+ Ka6 39. Qa8+ Kb6 40. c5+
Kb5 41. Qb7+ Ka5 42. Qb6# {Normal} 1-0

[Event "Rated Blitz game"]
[Site "?"]
[Date "2021.06.07"]
[Round "?"]
[White "bkara"]
[Black "bujka"]
[Result "1-0"]
[WhiteElo "2424"]
[BlackElo "2350"]
[PlyCount "53"]
[EventDate "2021.??.??"]
[EventType "blitz"]

1. e4 e5 2. Nf3 Nc6 3. c3 d5 4. Qa4 dxe4 5. Nxe5 Bd7 6. Nxd7 Qxd7 7. Qxe4+ Be7
8. d4 Nf6 9. Qf3 O-O 10. Bd3 Nxd4 11. cxd4 Bb4+ 12. Kf1 Qxd4 13. Nc3 Rad8 14.
Bc2 Rfe8 15. Be3 Qc4+ 16. Qe2 Qc6 17. Rc1 Bxc3 18. bxc3 Nd5 19. h4 Nxe3+ 20.
fxe3 Qb6 21. Rh3 Qf6+ 22. Kg1 Kh8 23. Bb3 Qb6 24. Bxf7 Re7 25. Rf1 Red7 26. Bb3
h6 27. Qg4 {Time forfeit} 1-0

[Event "Rated Rapid game"]
[Site "?"]
[Date "2021.06.07"]
[Round "?"]
[White "Fight-chess"]
[Black "Desmond88"]
[Result "1-0"]
[WhiteElo "2602"]
[BlackElo "2438"]
[PlyCount "20"]
[EventDate "2021.??.??"]
[EventType "rapid"]

1. e4 e5 2. Nf3 Nc6 3. c3 d5 4. Qa4 f6 5. Bb5 Nge7 6. exd5 Qxd5 7. d4 a6 8. Bc4
Qe4+ 9. Be3 Bd7 10. dxe5 Nd4 {Normal} 1-0

[Event "Rated Blitz game"]
[Site "?"]
[Date "2021.06.07"]
[Round "?"]
[White "Frutek"]
[Black "FantastikFastik"]
[Result "1-0"]
[WhiteElo "2602"]
[BlackElo "2697"]
[PlyCount "63"]
[EventDate "2021.??.??"]
[EventType "blitz"]

1. e4 e5 2. Nf3 Nc6 3. c3 Nf6 4. d4 exd4 5. e5 Nd5 6. cxd4 Bb4+ 7. Bd2 Bxd2+ 8.
Nbxd2 d6 9. Bb5 Bd7 10. O-O O-O 11. Rc1 a6 12. Bc4 Nb6 13. Bd3 dxe5 14. dxe5
Bg4 15. Be4 Re8 16. Bxc6 bxc6 17. Qc2 Nd5 18. Qxc6 Nf4 19. Rc4 Ne2+ 20. Kh1 Be6
21. Rh4 Qd3 22. Qe4 Rad8 23. Qxd3 Rxd3 24. Re1 g5 25. Ra4 Nf4 26. Nxg5 Rxd2 27.
Rxf4 Rxb2 28. a4 Bd5 29. h4 Kg7 30. Re3 h6 31. Nxf7 Bxf7 32. Rg3+ {Normal} 1-0

[Event "Tetraktys Concept Mgmt Bl"]
[Site "Europe-Echecs INT"]
[Date "2021.06.06"]
[Round "7"]
[White "Flores Quillas, Diego Saul Rodri"]
[Black "Heng, J."]
[Result "1-0"]
[WhiteElo "2245"]
[BlackElo "1921"]
[PlyCount "55"]
[EventDate "2021.06.06"]
[SourceTitle "The Week in Chess 1387"]
[Source "Mark Crowther"]
[SourceDate "2021.06.07"]
[SourceVersion "1"]
[SourceVersionDate "2021.06.07"]
[SourceQuality "2"]

1. e4 e5 2. Nf3 Nc6 3. c3 Nf6 4. d4 exd4 5. e5 Nd5 6. Qb3 Nce7 7. Bc4 c6 8.
cxd4 g6 9. O-O Bg7 10. Nc3 O-O 11. Ne4 b5 12. Bd3 a5 13. a3 Ba6 14. Bg5 Qb6 15.
Rfe1 Nf5 16. Be3 Nfxe3 17. fxe3 Bh6 18. Kf2 b4 19. a4 Bxd3 20. Qxd3 b3 21. Nc5
Nb4 22. Qxb3 Rfd8 23. Kg1 d6 24. exd6 Rxd6 25. Ne5 Rf6 26. Rf1 Rxf1+ 27. Rxf1
Ra7 28. Ned7 1-0

[Event "Tetraktys Concept Mgmt Bl"]
[Site "Europe-Echecs INT"]
[Date "2021.06.06"]
[Round "5"]
[White "Flores Quillas, Diego Saul Rodri"]
[Black "Prithu, Gupta"]
[Result "1/2-1/2"]
[WhiteElo "2245"]
[BlackElo "2472"]
[PlyCount "226"]
[EventDate "2021.06.06"]
[SourceTitle "The Week in Chess 1387"]
[Source "Mark Crowther"]
[SourceDate "2021.06.07"]
[SourceVersion "1"]
[SourceVersionDate "2021.06.07"]
[SourceQuality "2"]

1. e4 e5 2. Nf3 Nc6 3. c3 Nf6 4. d4 d6 5. h3 Be7 6. Be3 O-O 7. Nbd2 d5 8. dxe5
Nxe4 9. Bd3 Bf5 10. Qc2 Nxd2 11. Bxd2 Bxd3 12. Qxd3 Qd7 13. O-O Qe6 14. Rae1
Rad8 15. Nd4 Nxd4 16. cxd4 Qg6 17. Qxg6 fxg6 18. Rc1 Rc8 19. Be3 Kf7 20. f4 Ke6
21. g4 c6 22. Kg2 Rf7 23. Rf3 Rcf8 24. Bd2 Rc8 25. b4 a6 26. a4 Ra8 27. Rc2 h5
28. Rb3 Rff8 29. Kg3 Rfc8 30. Rf3 Rf8 31. Be1 Rf7 32. Rb3 Rh8 33. Bd2 hxg4 34.
hxg4 Rh1 35. b5 axb5 36. axb5 c5 37. dxc5 d4 38. c6 bxc6 39. bxc6 Bd8 40. Rb7
Rd1 41. Bb4 Rc7 42. Bd6 d3 43. Rc3 d2 44. Rd3 Rxc6 45. Kf2 Rc3 46. Ke2 Rxd3 47.
Kxd3 Rf1 48. Kxd2 Rxf4 49. Rxg7 Rxg4 50. Kd3 Rg3+ 51. Ke4 Rg4+ 52. Kf3 Rg5 53.
Rg8 Ba5 54. Kf4 Rf5+ 55. Ke4 Rg5 56. Re8+ Kd7 57. Re7+ Kc6 58. Rg7 Bd8 59. Rg8
Bb6 60. Be7 Rg4+ 61. Kf3 Rc4 62. Rxg6+ Kd5 63. Rxb6 Kxe5 64. Bf6+ Kf5 65. Bb2
Rf4+ 66. Ke3 Re4+ 67. Kd3 Re6 68. Rb5+ Kg4 69. Bd4 Re8 70. Be3 Re6 71. Rg5+ Kf3
72. Rf5+ Kg4 73. Rf4+ Kg3 74. Ke2 Re8 75. Rf7 Rg8 76. Rf1 Rg4 77. Rg1+ Kh3 78.
Rh1+ Kg2 79. Rh8 Rg7 80. Bd4 Re7+ 81. Kd3 Rf7 82. Be5 Kf3 83. Rh3+ Kg2 84. Rg3+
Kf2 85. Ke4 Rf8 86. Rh3 Ke2 87. Rb3 Kf1 88. Bf4 Ke2 89. Rb2+ Kd1 90. Rd2+ Ke1
91. Rh2 Re8+ 92. Kf3 Kd1 93. Be3 Re6 94. Rd2+ Ke1 95. Rc2 Rf6+ 96. Ke4 Kf1 97.
Rh2 Rf7 98. Kd3 Rd7+ 99. Bd4 Rf7 100. Re2 Rf3+ 101. Be3 Rf7 102. Rd2 Rf6 103.
Bd4 Rf3+ 104. Ke4 Rf7 105. Be3 Ke1 106. Rc2 Kf1 107. Bf4 Ke1 108. Kf3 Rd7 109.
Rc1+ Rd1 110. Bg3+ Kd2 111. Bf4+ Ke1 112. Rc2 Rd3+ 113. Be3 Kd1 1/2-1/2

[Event "Tetraktys Concept Mgmt Bl"]
[Site "Europe-Echecs INT"]
[Date "2021.06.06"]
[Round "4"]
[White "Terry, R."]
[Black "Ferey, Antonin"]
[Result "1-0"]
[WhiteElo "2504"]
[BlackElo "2148"]
[PlyCount "65"]
[EventDate "2021.06.06"]
[SourceTitle "The Week in Chess 1387"]
[Source "Mark Crowther"]
[SourceDate "2021.06.07"]
[SourceVersion "1"]
[SourceVersionDate "2021.06.07"]
[SourceQuality "2"]

1. e4 e5 2. Nf3 Nc6 3. c3 d5 4. Qa4 dxe4 5. Nxe5 Bd6 6. Nxc6 bxc6 7. Qxc6+ Bd7
8. Qxe4+ Ne7 9. d4 O-O 10. Bd3 f5 11. Qf3 Bc6 12. Bc4+ Kh8 13. d5 Bd7 14. O-O
Ng6 15. Nd2 Ne5 16. Qd1 Qh4 17. g3 Qh3 18. Re1 f4 19. Bf1 Qh6 20. Rxe5 Bxe5 21.
Nc4 Bd6 22. Qd4 Qf6 23. Qxf6 Rxf6 24. Nxd6 Rxd6 25. Bxf4 Rb6 26. b3 c6 27. d6
Re8 28. Be3 Rb7 29. b4 Kg8 30. a4 a5 31. bxa5 Rb3 32. Bc4+ Be6 33. d7 1-0

[Event "Tetraktys Concept Mgmt Bl"]
[Site "Europe-Echecs INT"]
[Date "2021.06.06"]
[Round "2"]
[White "Jannur, Kupjasar"]
[Black "Prithu, Gupta"]
[Result "0-1"]
[WhiteElo "1517"]
[BlackElo "2472"]
[PlyCount "46"]
[EventDate "2021.06.06"]
[SourceTitle "The Week in Chess 1387"]
[Source "Mark Crowther"]
[SourceDate "2021.06.07"]
[SourceVersion "1"]
[SourceVersionDate "2021.06.07"]
[SourceQuality "2"]

1. e4 e5 2. Nf3 Nc6 3. c3 Nf6 4. d4 d6 5. d5 Nb8 6. Bd3 g6 7. Bg5 Bg7 8. Nbd2
a5 9. Qb3 O-O 10. a4 Nbd7 11. Bc2 Nc5 12. Qa2 b6 13. b4 axb4 14. cxb4 Nxa4 15.
Bxa4 b5 16. Qc2 Bd7 17. O-O Rxa4 18. Rfc1 Qa8 19. Rab1 Rc8 20. Rb2 c6 21. Qb1
cxd5 22. Rxc8+ Bxc8 23. exd5 Ra1 0-1

[Event "Rated Rapid game"]
[Site "?"]
[Date "2021.06.06"]
[Round "?"]
[White "nma291"]
[Black "Cutthroat27"]
[Result "0-1"]
[WhiteElo "2377"]
[BlackElo "2457"]
[PlyCount "77"]
[EventDate "2021.??.??"]
[EventType "rapid"]

1. e4 e5 2. Nf3 Nc6 3. c3 d5 4. Qa4 f6 5. d3 Nge7 6. Be2 Be6 7. Nbd2 Qd7 8. O-O
g5 9. d4 g4 10. Nh4 O-O-O 11. dxe5 fxe5 12. Nb3 Ng6 13. Bg5 Be7 14. exd5 Bxd5
15. Nxg6 hxg6 16. Bxg4 Be6 17. Rfd1 Qxd1+ 18. Bxd1 Bxg5 19. Nc5 Bd5 20. Bb3 Bf4
21. Bxd5 Bxh2+ 22. Kf1 Rxd5 23. Ne4 Bf4 24. g3 Rh1+ 25. Ke2 Rxa1 26. gxf4 exf4
27. Qb3 Rad1 28. Qxd1 Rxd1 29. Kxd1 b6 30. Ke1 Kd7 31. Ke2 Ne5 32. Nf6+ Ke6 33.
Ne8 c6 34. Nc7+ Kf5 35. Na6 Ke4 36. Nb8 g5 37. Na6 g4 38. Nb4 f3+ 39. Kf1 {
Normal} 0-1

[Event "Rated Blitz tournament eiibYJME"]
[Site "?"]
[Date "2021.06.06"]
[Round "?"]
[White "MisterMarple1963"]
[Black "ArchibaldCerveza29"]
[Result "0-1"]
[WhiteElo "2427"]
[BlackElo "2280"]
[PlyCount "84"]
[EventDate "2021.??.??"]
[EventType "blitz"]

1. e4 e5 2. Nf3 Nc6 3. c3 d5 4. Qa4 dxe4 5. Nxe5 Nf6 6. Nxc6 bxc6 7. Qxc6+ Bd7
8. Qa6 Bd6 9. Bb5 O-O 10. Bxd7 Qxd7 11. h3 Rfe8 12. O-O Rab8 13. Na3 Qe6 14.
Qe2 Qe5 15. g3 Qf5 16. Kg2 h5 17. Nc4 Bf8 18. Ne3 Qg6 19. h4 Rbd8 20. b3 Bd6
21. a4 Be5 22. Ba3 Nd7 23. Rae1 Bf6 24. Kh2 Ne5 25. f4 exf3 26. Qf2 Nd3 27. Qg1
Nxe1 28. Qf2 Nd3 29. Qxf3 Ne5 30. Qg2 Ng4+ 31. Nxg4 Qxg4 32. Bc5 Re2 33. Rf2
Rxf2 34. Bxf2 Re8 35. Be3 g5 36. Qc6 Re6 37. Qa8+ Kg7 38. hxg5 Bxg5 39. Bd4+ f6
40. Qd5 Re2+ 41. Kg1 Qxg3+ 42. Kf1 Re1# {Normal} 0-1

[Event "Rated Blitz game"]
[Site "?"]
[Date "2021.06.06"]
[Round "?"]
[White "guilleso"]
[Black "Quaritch79"]
[Result "1-0"]
[WhiteElo "2471"]
[BlackElo "2406"]
[PlyCount "79"]
[EventDate "2021.??.??"]
[EventType "blitz"]

1. e4 e5 2. Nf3 Nc6 3. c3 Nf6 4. d3 d6 5. Be2 Bg4 6. O-O Be7 7. Nbd2 O-O 8. b4
a6 9. Bb2 h6 10. Re1 Nd7 11. Qc2 f5 12. h3 Bh5 13. exf5 Bxf3 14. Bxf3 Rxf5 15.
d4 Rg5 16. Ne4 Rg6 17. d5 Ncb8 18. Bh5 Rg5 19. Nxg5 Bxg5 20. c4 a5 21. a3 Nf6
22. Bg6 Nbd7 23. Bf5 Qe7 24. Be6+ Kh8 25. g3 Nh7 26. h4 Bf6 27. Re3 Nhf8 28.
Bh3 axb4 29. axb4 Rxa1+ 30. Bxa1 Nb6 31. Qe4 Qd8 32. c5 dxc5 33. Bb2 cxb4 34.
Bxe5 Nxd5 35. Bxf6 Nxf6 36. Qxb4 Qd1+ 37. Kg2 Qd5+ 38. Kh2 Ng6 39. Bg2 Ng4+ 40.
Qxg4 {Normal} 1-0

[Event "Rated Blitz tournament bCSqQL2P"]
[Site "?"]
[Date "2021.06.06"]
[Round "?"]
[White "HpRmDrNsT"]
[Black "Anglokin"]
[Result "1-0"]
[WhiteElo "2416"]
[BlackElo "2217"]
[PlyCount "57"]
[EventDate "2021.??.??"]
[EventType "blitz"]

1. e4 e5 2. Nf3 Nc6 3. c3 d5 4. Qa4 dxe4 5. Nxe5 Qd5 6. Bb5 Nge7 7. Nxc6 Nxc6
8. O-O Bd7 9. Re1 f5 10. d3 O-O-O 11. dxe4 fxe4 12. Bf4 Bc5 13. Nd2 Rhf8 14.
Bc4 Bxf2+ 15. Kh1 Qf5 16. Rxe4 g5 17. Be3 Bxe3 18. Rxe3 Rde8 19. Rf3 Qg4 20. h3
Qh5 21. Bf1 Ne5 22. Qxa7 Bc6 23. Rg3 b6 24. Ba6+ Kd7 25. Nc4 Nxc4 26. Bxc4 Re6
27. Rd3+ Rd6 28. Rxd6+ Kxd6 29. Qa3+ {Time forfeit} 1-0

[Event "Rated Blitz tournament eXiQCcA1"]
[Site "?"]
[Date "2021.06.06"]
[Round "?"]
[White "juniorpov"]
[Black "ChSalas"]
[Result "0-1"]
[WhiteElo "2308"]
[BlackElo "2500"]
[PlyCount "44"]
[EventDate "2021.??.??"]
[EventType "blitz"]

1. e4 e5 2. Nf3 Nc6 3. c3 Nf6 4. d4 Nxe4 5. Qe2 d5 6. Nxe5 Nxe5 7. dxe5 Bc5 8.
Be3 O-O 9. Bxc5 Nxc5 10. Qe3 b6 11. Nd2 Bf5 12. g4 Bc2 13. b3 Re8 14. Rc1 Bd3
15. b4 Bxf1 16. bxc5 Bb5 17. cxb6 axb6 18. f4 Rxa2 19. Kf2 Qh4+ 20. Kg1 Qxg4+
21. Kf2 Qh4+ 22. Kg1 Re6 {Normal} 0-1

[Event "Rated Blitz game"]
[Site "?"]
[Date "2021.06.06"]
[Round "?"]
[White "FedericoGonzalez"]
[Black "kamilpat"]
[Result "1-0"]
[WhiteElo "2401"]
[BlackElo "2276"]
[PlyCount "53"]
[EventDate "2021.??.??"]
[EventType "blitz"]

1. e4 e5 2. Nf3 Nc6 3. c3 Nf6 4. d4 exd4 5. e5 Ne4 6. Qe2 d5 7. exd6 Bf5 8.
Nbd2 d3 9. Qe3 Qxd6 10. Nxe4 Bxe4 11. Qxe4+ Be7 12. Bxd3 O-O-O 13. Be2 Bf6 14.
Bf4 Rhe8 15. Qf5+ Qe6 16. Qxe6+ Rxe6 17. Be3 g5 18. h3 h5 19. Rd1 Rde8 20. O-O
g4 21. hxg4 hxg4 22. Nh2 g3 23. Bg4 gxh2+ 24. Kxh2 Ne5 25. Bxe6+ Rxe6 26. Bd4
Ng4+ 27. Kg3 {Normal} 1-0

[Event "Rated Blitz game"]
[Site "?"]
[Date "2021.06.06"]
[Round "?"]
[White "EdoardoMangiarotti"]
[Black "vvchessli"]
[Result "0-1"]
[WhiteElo "2564"]
[BlackElo "2707"]
[PlyCount "88"]
[EventDate "2021.??.??"]
[EventType "blitz"]

1. e4 e5 2. Nf3 Nc6 3. c3 Nf6 4. d4 d5 5. Nxe5 Nxe5 6. dxe5 Nxe4 7. Bd3 Nc5 8.
O-O Nxd3 9. Qxd3 Be7 10. Nd2 O-O 11. Nf3 f6 12. Bf4 c6 13. Rfe1 Bg4 14. Nd4
fxe5 15. Bxe5 Bf6 16. Qg3 Bd7 17. Bxf6 Qxf6 18. Re5 Rae8 19. Rae1 Rxe5 20. Rxe5
Re8 21. Nf3 Rxe5 22. Qxe5 Qxe5 23. Nxe5 Be6 24. a4 Kf8 25. b4 Ke7 26. f4 Kd6
27. Kf2 b6 28. Ke3 c5 29. Nf3 d4+ 30. Kd2 dxc3+ 31. Kxc3 cxb4+ 32. Kxb4 Bd5 33.
Ng5 h6 34. Nh3 Bxg2 35. Nf2 Bc6 36. a5 Ke6 37. axb6 axb6 38. Nd3 Kf5 39. Ne5
Be8 40. Nd3 Ke4 41. Kc3 Bb5 42. Nb4 h5 43. Kd2 h4 44. Ke1 Bc4 {Time forfeit}
0-1

[Event "Rated Blitz game"]
[Site "?"]
[Date "2021.06.06"]
[Round "?"]
[White "FedericoGonzalez"]
[Black "Swop1107"]
[Result "1-0"]
[WhiteElo "2406"]
[BlackElo "2428"]
[PlyCount "57"]
[EventDate "2021.??.??"]
[EventType "blitz"]

1. e4 e5 2. Nf3 Nc6 3. c3 d5 4. Qa4 Bd7 5. exd5 Nd4 6. Qd1 Nxf3+ 7. Qxf3 Nf6 8.
c4 c6 9. Nc3 Bd6 10. d3 h6 11. h3 O-O 12. Be2 cxd5 13. cxd5 Rc8 14. O-O Bb8 15.
Be3 Nh7 16. d4 Ng5 17. Bxg5 Qxg5 18. dxe5 Qxe5 19. g3 Bxh3 20. Rfe1 Qf5 21.
Rad1 Rfd8 22. Qh1 a6 23. Bd3 Qd7 24. d6 Bg4 25. Qe4 f5 26. Qd5+ Kh8 27. Be2
Qxd6 28. Bxg4 fxg4 29. Qf5 {Time forfeit} 1-0

[Event "Rated Blitz game"]
[Site "?"]
[Date "2021.06.06"]
[Round "?"]
[White "Striker17TR"]
[Black "EsgataGrunf"]
[Result "1-0"]
[WhiteElo "2380"]
[BlackElo "2435"]
[PlyCount "49"]
[EventDate "2021.??.??"]
[EventType "blitz"]

1. e4 e5 2. Nf3 Nc6 3. c3 d5 4. Qa4 Qd6 5. exd5 Qxd5 6. Bb5 Bd7 7. O-O a6 8.
Bc4 Qd6 9. Qc2 O-O-O 10. b4 Nf6 11. d3 h6 12. Be3 g5 13. Bc5 Nxb4 14. cxb4 Qc6
15. Nxe5 Qa4 16. Bb3 Qb5 17. a4 Bxc5 18. axb5 Bd4 19. Nxf7 Bxa1 20. Nxd8 Rxd8
21. bxa6 bxa6 22. Na3 Bd4 23. Qc4 Kb7 24. Qxd4 Re8 25. Qxf6 {Normal} 1-0

[Event "Rated Blitz tournament SxhGGgvm"]
[Site "?"]
[Date "2021.06.06"]
[Round "?"]
[White "queso2020"]
[Black "spidernv"]
[Result "1-0"]
[WhiteElo "2230"]
[BlackElo "2459"]
[PlyCount "69"]
[EventDate "2021.??.??"]
[EventType "blitz"]

1. e4 e5 2. Nf3 Nc6 3. c3 Nf6 4. d3 d5 5. exd5 Nxd5 6. Be2 Be7 7. O-O O-O 8.
Nbd2 h6 9. Ne4 Be6 10. d4 exd4 11. Nxd4 Nxd4 12. Qxd4 Nb6 13. Be3 Qxd4 14. Bxd4
Rad8 15. Rad1 Rd5 16. Bxb6 axb6 17. Rxd5 Bxd5 18. Nd2 Rd8 19. Nc4 Bxc4 20. Bxc4
Rd2 21. b4 Kf8 22. Rc1 Bf6 23. Bb3 b5 24. Kf1 c6 25. g3 Rb2 26. Kg2 b6 27. Kf3
c5 28. bxc5 bxc5 29. Bd5 Be5 30. Ke4 f6 31. f4 Bb8 32. c4 b4 33. Ra1 g6 34. Bc6
f5+ 35. Kd5 {Normal} 1-0

[Event "Checkmate Covid Rematch"]
[Site "chess.com INT"]
[Date "2021.06.06"]
[Round "?"]
[White "Mehrafarin, Amirabbas"]
[Black "Bramson, Mike"]
[Result "0-1"]
[WhiteElo "1734"]
[BlackElo "1801"]
[PlyCount "110"]
[EventDate "2021.06.05"]
[SourceTitle "The Week in Chess 1388"]
[Source "Mark Crowther"]
[SourceDate "2021.06.14"]
[SourceVersion "1"]
[SourceVersionDate "2021.06.14"]
[SourceQuality "2"]

1. e4 e5 2. Nf3 Nc6 3. c3 Nf6 4. Bd3 d5 5. Bb5 dxe4 6. Nxe5 Qd5 7. Bxc6+ bxc6
8. d4 exd3 9. O-O Bd6 10. Nf3 O-O 11. Bg5 Ng4 12. h3 Ne5 13. Nd4 c5 14. Nb5 c4
15. Nxd6 cxd6 16. b3 Bxh3 17. f3 Bf5 18. Nd2 h6 19. Bf4 Rad8 20. Bxe5 Qxe5 21.
Nxc4 Qg3 22. Qd2 Rfe8 23. Rae1 Rxe1 24. Rxe1 Bh3 25. Nb2 Bxg2 26. Qf2 Qxf2+ 27.
Kxf2 d2 28. Rd1 Bh3 29. Rxd2 g5 30. Nc4 d5 31. Ne5 Be6 32. Ke3 f6 33. Nc6 Rd7
34. Nd4 Bf7 35. f4 g4 36. f5 h5 37. Kf4 Re7 38. Re2 Rxe2 39. Nxe2 Kf8 40. Nd4
Ke7 41. Nc6+ Kd6 42. Nxa7 Be8 43. Nc8+ Kc5 44. Ne7 d4 45. cxd4+ Kxd4 46. Ng8 g3
47. Kxg3 Ke5 48. Nxf6 Kxf6 49. Kh4 Kxf5 50. b4 Ke5 51. b5 Kd5 52. a4 Kc5 53.
Kg5 Kb6 54. Kh4 Ka5 55. Kg5 Kxa4 0-1

[Event "Rated Blitz tournament OIT66YgD"]
[Site "?"]
[Date "2021.06.06"]
[Round "?"]
[White "Boterhoofd"]
[Black "MasterSonnevanck"]
[Result "0-1"]
[WhiteElo "2311"]
[BlackElo "2483"]
[PlyCount "44"]
[EventDate "2021.??.??"]
[EventType "blitz"]

1. e4 e5 2. Nf3 Nc6 3. c3 Nf6 4. d4 Nxe4 5. d5 Bc5 6. Be3 Bxe3 7. fxe3 Ne7 8.
Nxe5 O-O 9. Bd3 Nf6 10. c4 d6 11. Nf3 c6 12. Nc3 cxd5 13. cxd5 Qb6 14. O-O
Qxe3+ 15. Kh1 Ng6 16. Re1 Qb6 17. Qd2 Ng4 18. h3 Nf2+ 19. Kh2 Nxd3 20. Qxd3
Qxb2 21. Rab1 Qxg2+ 22. Kxg2 Nf4+ {Normal} 0-1

[Event "Rated Blitz game"]
[Site "?"]
[Date "2021.06.06"]
[Round "?"]
[White "Cachul"]
[Black "Bierpower"]
[Result "0-1"]
[WhiteElo "2414"]
[BlackElo "2491"]
[PlyCount "44"]
[EventDate "2021.??.??"]
[EventType "blitz"]

1. e4 e5 2. Nf3 Nc6 3. c3 f5 4. d4 fxe4 5. Nxe5 Nf6 6. Nxc6 bxc6 7. Be2 d5 8.
O-O Bd6 9. f3 O-O 10. Bg5 Qe8 11. Nd2 Bxh2+ 12. Kxh2 Qh5+ 13. Kg1 Qxg5 14. fxe4
dxe4 15. Nc4 Be6 16. Ne5 c5 17. Qc1 Qg3 18. Qf4 Qxf4 19. Rxf4 cxd4 20. cxd4
Rfd8 21. Rc1 Rxd4 22. Rxc7 Nd5 {Normal} 0-1

[Event "Rated Blitz game"]
[Site "?"]
[Date "2021.06.06"]
[Round "?"]
[White "Suleymanov_Marat"]
[Black "ViveEgypte"]
[Result "1-0"]
[WhiteElo "2409"]
[BlackElo "2382"]
[PlyCount "81"]
[EventDate "2021.??.??"]
[EventType "blitz"]

1. e4 e5 2. Nf3 Nc6 3. c3 d5 4. Qa4 dxe4 5. Nxe5 Bd7 6. Nxd7 Qxd7 7. Qxe4+ Be7
8. d4 Nf6 9. Qc2 O-O 10. Bd3 Bd6 11. O-O Qg4 12. h3 Qh4 13. Nd2 Ne7 14. Nf3 Qh5
15. Bg5 Ned5 16. Rae1 h6 17. Bc1 Nf4 18. Bxf4 Bxf4 19. Ne5 Rae8 20. Qb3 b6 21.
Ng6 Rxe1 22. Rxe1 Bd6 23. Nxf8 Kxf8 24. Qa4 Qg5 25. Qxa7 g6 26. Qa8+ Kg7 27.
Qf3 Qd2 28. Qe2 Qf4 29. g3 Qg5 30. h4 Qd5 31. Bc4 Qf5 32. Qd3 Qh3 33. Qf3 g5
34. hxg5 hxg5 35. Re5 Bxe5 36. dxe5 Ng4 37. Qxf7+ Kh6 38. Qf8+ Kg6 39. Bd3+ Kh5
40. Qh8+ Nh6 41. Qe8+ {Time forfeit} 1-0

[Event "Rated Blitz tournament eLaK0KsT"]
[Site "?"]
[Date "2021.06.06"]
[Round "?"]
[White "xiangqi75"]
[Black "IS_01"]
[Result "1-0"]
[WhiteElo "2345"]
[BlackElo "2503"]
[PlyCount "75"]
[EventDate "2021.??.??"]
[EventType "blitz"]

1. e4 e5 2. Nf3 Nc6 3. c3 Nf6 4. d4 exd4 5. e5 Nd5 6. cxd4 Bb4+ 7. Bd2 Bxd2+ 8.
Qxd2 d6 9. exd6 Qxd6 10. Nc3 O-O 11. Be2 Bg4 12. O-O Nf4 13. Bd1 Bxf3 14. Bxf3
Nxd4 15. Qd1 c6 16. Be4 Rad8 17. g3 Nh3+ 18. Kh1 Ng5 19. Bg2 Qh6 20. Qa4 Ngf3
21. h3 Ng5 22. h4 Ngf3 23. Rad1 b5 24. Qa5 Qh5 25. Qc7 Qg4 26. Rd3 Rd7 27. Qf4
Qxf4 28. gxf4 Nxh4 29. Bxc6 Rd6 30. Be4 f5 31. Bb7 Rfd8 32. Rfd1 g6 33. Bd5+
Rxd5 34. Nxd5 Rxd5 35. Rxd4 Rc5 36. Rd7 Rc2 37. Rxa7 Rc3 38. Rd8# {Normal} 1-0

[Event "Rated Rapid game"]
[Site "?"]
[Date "2021.06.06"]
[Round "?"]
[White "Kralj56"]
[Black "YuryKuznetsov"]
[Result "1-0"]
[WhiteElo "2474"]
[BlackElo "2469"]
[PlyCount "51"]
[EventDate "2021.??.??"]
[EventType "rapid"]

1. e4 e5 2. Nf3 Nc6 3. c3 Nf6 4. d4 exd4 5. e5 Nd5 6. Bc4 Nb6 7. Bb3 d5 8. cxd4
Bb4+ 9. Nc3 Bg4 10. Be3 O-O 11. h3 Bh5 12. O-O Na5 13. Bc2 Nac4 14. Bc1 f6 15.
g4 Be8 16. e6 Bxc3 17. bxc3 Qd6 18. Re1 Bg6 19. Bxg6 hxg6 20. Nh4 Rfe8 21. Qe2
Kh7 22. Nxg6 c6 23. Qd3 Kg8 24. Bf4 Qd8 25. Qg3 Rc8 26. Qh4 {Normal} 1-0